00517 2200205 4500245004200000020001800042250001100060100001600071700001700087700002100104650001700125005001900142260003100161041001400192084001300206300003400219500003800253336000900291338001100300 aLove Button Vol. 6cMaki, UsamihText a9786022104865 aCet. 1 aMaki, Usami aMustika Arum aScorvita Ferdani aKomik Jepang a20230202100557 aJakartabPT Gramediac2012 aIndonesia a741.5592 a... jil. :bilus. ;c17,5 cm. aJudul asli : Kokoro Button Vol. 6 atext avolume